| 000 | 00997nam a22001937a 4500 | ||
|---|---|---|---|
| 008 | 230320b2023 xxk||||| ||||f00| 0 eng d | ||
| 041 | _aeng | ||
| 245 |
_aBiodiversity net gain (BNG) and nutrient mitigation: _bCombining environmental payments _h[Electronic resource] |
||
| 260 |
_bDepartment for Environment, Food & Rural Affairs _c21 February 2023 |
||
| 520 | _aDepartment for Environment, Food and Rural Affairs guidance, part of the biodiversity net gain collection, details how land managers can combine biodiversity units and nutrient credits, and sell them alongside other environmental payments. | ||
| 650 | _aBIODIVERSITY NET GAIN | ||
| 650 | _aLAND | ||
| 650 | _aBIODIVERSITY CREDITS | ||
| 651 | _aUnited Kingdom | ||
| 690 |
_96238 _aEnvironment |
||
| 710 | _aDepartment for Environment, Food and Rural Affairs | ||
| 856 |
_uhttps://www.gov.uk/guidance/combining-environmental-payments-biodiversity-net-gain-bng-and-nutrient-mitigation _zAvailable on GOV.UK |
||
| 942 | _n0 | ||
| 999 |
_c121399 _d121399 |
||